Most English Premier League penalties - Statistics

General Stats
  • This quiz has been taken 400 times
  • The average score is 11 of 13
Answer Stats
Hint Answer % Correct
117 Arsenal
99%
119 Liverpool
98%
107 Chelsea
97%
69 Man City
95%
111 ManUtd
95%
95 Everton
94%
93 Tottenham
88%
110 Newcastle
87%
68 West Ham
85%
93 Aston Villa
81%
83 Blackburn
58%
54 Fulham
49%
56 Middlesbrough
28%
No matching quizzes found
Score Distribution
Percent of People with Each Score
Percentile by Number Answered
Your Score History
You have not taken this quiz